Sharks! / (Record no. 103)
[ view plain ]
| 000 -LEADER | |
|---|---|
| fixed length control field | 01428nam a22003857a 4500 |
| 001 - CONTROL NUMBER | |
| control field | 103 |
| 003 - CONTROL NUMBER IDENTIFIER | |
| control field | FISKH |
| 005 - DATE AND TIME OF LATEST TRANSACTION | |
| control field | 20240119150143.0 |
| 008 - FIXED-LENGTH DATA ELEMENTS--GENERAL INFORMATION | |
| fixed length control field | 230224b cb ||||| |||| 00| 0 eng d |
| 010 ## - LIBRARY OF CONGRESS CONTROL NUMBER | |
| LC control number | 2007044161 |
| 020 ## - INTERNATIONAL STANDARD BOOK NUMBER | |
| International Standard Book Number | 9781426302862 (paperback) |
| 020 ## - INTERNATIONAL STANDARD BOOK NUMBER | |
| International Standard Book Number | 9780545112758 |
| 020 ## - INTERNATIONAL STANDARD BOOK NUMBER | |
| International Standard Book Number | 9781426302886 (library binding) |
| 035 ## - SYSTEM CONTROL NUMBER | |
| System control number | (OCoLC)ocn180190831 |
| 040 ## - CATALOGING SOURCE | |
| Original cataloging agency | DLC |
| Transcribing agency | DLC |
| Modifying agency | IG# |
| -- | BAKER |
| -- | BTCTA |
| -- | UKM |
| -- | HHO |
| -- | B2A |
| -- | EHH |
| -- | XY4 |
| -- | GRC |
| -- | GO3 |
| -- | CQU |
| -- | GO3 |
| -- | DLC |
| -- | FISKH |
| 042 ## - AUTHENTICATION CODE | |
| Authentication code | lcac |
| 050 00 - LIBRARY OF CONGRESS CALL NUMBER | |
| Classification number | QL638.9 |
| Item number | .S292 2008 |
| 082 00 - DEWEY DECIMAL CLASSIFICATION NUMBER | |
| Classification number | 597.3 |
| Edition number | 22 |
| 100 1# - MAIN ENTRY--PERSONAL NAME | |
| Personal name | Schreiber, Anne. |
| 245 10 - TITLE STATEMENT | |
| Title | Sharks! / |
| Statement of responsibility, etc. | Anne Schreiber. |
| 260 ## - PUBLICATION, DISTRIBUTION, ETC. | |
| Place of publication, distribution, etc. | Washington, D.C. : |
| Name of publisher, distributor, etc. | National Geographic |
| Date of publication, distribution, etc. | 2008 |
| 300 ## - PHYSICAL DESCRIPTION | |
| Extent | 31 p. : |
| Other physical details | col. ill. ; |
| Dimensions | 23 cm. |
| 490 1# - SERIES STATEMENT | |
| Series statement | Science readers, level 2 |
| 500 ## - GENERAL NOTE | |
| General note | "National Geographic kids"--Cover. |
| 505 0# - FORMATTED CONTENTS NOTE | |
| Formatted contents note | Chomp! -- Shark pups -- Pups grow up -- What big teeth you have -- Imagine this! -- Blue-ribbon sharks -- Now you see them -- ...Now you don't -- Shark attack! -- People attack? |
| 520 ## - SUMMARY, ETC. | |
| Summary, etc. | Describes the life cycle and behavior of sharks. |
| 521 8# - TARGET AUDIENCE NOTE | |
| Target audience note | 520 <br/> |
| Source | Lexile |
| 521 8# - TARGET AUDIENCE NOTE | |
| Target audience note | L <br/> |
| Source | Raz-Plus |
| 650 #0 - SUBJECT ADDED ENTRY--TOPICAL TERM | |
| Topical term or geographic name entry element | Sharks |
| Form subdivision | Juvenile literature. |
| 650 #1 - SUBJECT ADDED ENTRY--TOPICAL TERM | |
| Topical term or geographic name entry element | Sharks. |
| 830 #0 - SERIES ADDED ENTRY--UNIFORM TITLE | |
| Uniform title | Science readers. |
| Number of part/section of a work | Level 2. |
| 856 41 - ELECTRONIC LOCATION AND ACCESS | |
| Materials specified | Table of contents only |
| Uniform Resource Identifier | <a href="http://www.loc.gov/catdir/toc/ecip083/2007044161.html">http://www.loc.gov/catdir/toc/ecip083/2007044161.html</a> |
| 906 ## - LOCAL DATA ELEMENT F, LDF (RLIN) | |
| a | 7 |
| b | cbc |
| c | orignew |
| d | 1 |
| e | ecip |
| f | 20 |
| g | y-gencatlg |
| 942 ## - ADDED ENTRY ELEMENTS (KOHA) | |
| Source of classification or shelving scheme | Dewey Decimal Classification |
| Koha item type | Print Magazines/Newspapers |
| Suppress in OPAC | No |
| Withdrawn status | Lost status | Source of classification or shelving scheme | Damaged status | Not for loan | Collection | Home library | Current library | Shelving location | Date acquired | Total Checkouts | Full call number | Barcode | Date last seen | Date last checked out | Copy number | Price effective from | Koha item type |
|---|---|---|---|---|---|---|---|---|---|---|---|---|---|---|---|---|---|
| Dewey Decimal Classification | Non-Fiction | Footprints International School Library Network Toul Kork Campus | Footprints International School Library Network Toul Kork Campus | TK Primary Library Room(4th Floor), Bookcase 3&4, Shelves 17-32, Yellow Books | 02/24/2023 | 1 | GEO 597.3 QL638.9.S92 | FISBK02659 | 06/10/2024 | 08/07/2023 | 1 | 02/24/2023 | Print Magazines/Newspapers | ||||
| Dewey Decimal Classification | Non-Fiction | Footprints International School Library Network Toul Kork Campus | Footprints International School Library Network Toul Kork Campus | TK Primary Library Room(4th Floor), Bookcase 3&4, Shelves 17-32, Yellow Books | 02/24/2023 | 4 | GEO 597.3 QL638.9.S92 | FISBK02660 | 02/02/2024 | 01/19/2024 | 2 | 02/24/2023 | Print Magazines/Newspapers | ||||
| Dewey Decimal Classification | Non-Fiction | Footprints International School Library Network Toul Kork Campus | Footprints International School Library Network Toul Kork Campus | TK Primary Library Room(4th Floor), Bookcase 3&4, Shelves 17-32, Yellow Books | 02/24/2023 | GEO 597.3 QL638.9.S92 | FISBK04060 | 01/19/2024 | 3 | 02/24/2023 | Print Magazines/Newspapers |
